| 000 | 00747cam a22002531 4500 | ||
|---|---|---|---|
| 001 | 7495451 | ||
| 003 | ARRUPE | ||
| 005 | 20141118142424.0 | ||
| 008 | 720802s1961 nyu b 000 0 eng | ||
| 010 | _a 61009059 | ||
| 035 | _a(OCoLC)372191 | ||
| 040 |
_aDLC _cODaWU _dOCoLC _dMnDuStS _dDLC |
||
| 042 | _apremarc | ||
| 050 | 0 | 0 |
_aB945 _b.H68 1963 |
| 082 | 0 | _a191 | |
| 100 | 1 |
_aHook, Sidney, _d1902-1989. _912719 |
|
| 245 | 1 | 4 |
_aThe quest for being, _band other studies in naturalism and humanism. |
| 260 |
_aNew York, _bSt. Martin's Press _c1963 |
||
| 300 |
_a254 p. _c25 cm. |
||
| 504 | _aIncludes bibliography. | ||
| 650 | 0 |
_aPhilosophy, Modern. _912720 |
|
| 906 |
_a7 _bcbc _coclcrpl _du _encip _f19 _gy-gencatlg |
||
| 942 |
_2lcc _cMONOGRAPH |
||
| 999 |
_c121265 _d121265 |
||